书目信息 |
| 题名: |
汽车车身制造工艺学
|
|
| 作者: | 邹平 主编 | |
| 分册: | ||
| 出版信息: | 北京 北京航空航天大学出版社 2015.8 |
|
| 页数: | 207页 | |
| 开本: | 26cm | |
| 丛书名: | ||
| 单 册: | ||
| 中图分类: | U463.8 | |
| 科图分类: | ||
| 主题词: | 汽车--车体--车辆制造--高等职业教育--教材 | |
| 电子资源: | ||
| ISBN: | 978-7-5124-1841-7 | |
| 000 | 00882nam0 2200253 450 | |
| 001 | 0400003030 | |
| 005 | 20171026093333.68 | |
| 010 | @a978-7-5124-1841-7@dCNY32.00 | |
| 100 | @a20151126d2015 em y0chiy50 ea | |
| 101 | 0 | @achi |
| 102 | @aCN@b110000 | |
| 105 | @aa az 000yy | |
| 106 | @ar | |
| 200 | 1 | @a汽车车身制造工艺学@9qi che che shen zhi zao gong yi xue@f邹平主编 |
| 205 | @a第2版 | |
| 210 | @a北京@c北京航空航天大学出版社@d2015.8 | |
| 215 | @a207页@c图@d26cm | |
| 320 | @a有书目(第207页) | |
| 330 | @a本书根据我国汽车制造的发展,较详细地讲述了车身零件的冲压技术及车身的焊装和涂装技术。全书共三个项目,项目一讲述车身零件冲压技术;项目二讲述车身焊接技术;项目三讲述车身涂装技术。 | |
| 606 | 0 | @a汽车@x车体@x车辆制造@x高等职业教育@j教材 |
| 690 | @aU463.8@v5 | |
| 701 | 0 | @a邹平@9zou ping@4主编 |
| 801 | 0 | @aCN@b91MARC@c20171021 |
| 905 | @b1033155-9@dU463.8@f5@e553=2 | |
| 汽车车身制造工艺学/邹平主编.-第2版.-北京:北京航空航天大学出版社,2015.8 |
| 207页:图;26cm |
| ISBN 978-7-5124-1841-7:CNY32.00 |
| 本书根据我国汽车制造的发展,较详细地讲述了车身零件的冲压技术及车身的焊装和涂装技术。全书共三个项目,项目一讲述车身零件冲压技术;项目二讲述车身焊接技术;项目三讲述车身涂装技术。 |
| ● |
| 相关链接 |
|
|
|
|
正题名:汽车车身制造工艺学
索取号:U463.8/553=2
 
预约/预借
| 序号 | 登录号 | 条形码 | 馆藏地/架位号 | 状态 | 备注 |
| 1 | 1033155 | 210331559 | 第二样本阅览室/ [索取号:U463.8/553=2] | 在馆 | |
| 2 | 1033156 | 210331568 | 密集书库-物理学院/ [索取号:U463.8/553=2] | 在馆 | |
| 3 | 1033157 | 210331577 | 第三借阅区/ [索取号:U463.8/553=2] | 在馆 | |
| 4 | 1033158 | 210331586 | 第三借阅区/ [索取号:U463.8/553=2] | 在馆 | |
| 5 | 1033159 | 210331595 | 第三借阅区/ [索取号:U463.8/553=2] | 在馆 |